1673 1431 1647 1843 1899 1527 1032 1404 1909 1990 1926 1702 1702 1270 1254 1344 1801 1506 1279 1517 1381 1521 1088 1552 1124 1275 1635 1256 1415 1056 1542 1597 1176 1791 1450 1634 1351 1244 1079 1436 1336 1253 1689 1308 1036 1773 1766 1922 1472 1398 1018 1754 1186 1809 1793 1470 1958 1100 1234 1749 1774 1850 1892 1482 1483 1286 1913 1872 1036 1365 1927 1959 1560 1529 1469 1064 1800 1782 1685 1054 1144 1669 1379 1156 1221 1245 1357 1030 1263 1711 1838 1975 1689 1328 1020 1541 1723 1221 1751 BCNSPRNW ULIB Ver.6.0+V

เปลี่ยนเป็นภาษาไทย

Change to English
 แสดงรายละเอียดบรรณานุกรม
  กลับหน้าหลัก

Brief Record : Get Marc (ISO 2709) : E-mail record : QR code < ปิดหน้าต่าง
LEADER : 00000nam 2200000uu 4500
001    13399128417
003     ULIB
008    020711s2565 th a 000 0 tha d
020    ^a9786160455591
060    ^aWM171^bช296ซ
100    ^aชไวเกอร์ อัลริช
245    ^aซึมเศร้าใครว่าไม่อันตราย รีบรักษา อย่าเพิกเฉย/^cชไวเกอร์ อัลริช
250    ^aพิมพ์ครั้งที่ 1
260    ^aกรุงเทพฯ :^bนานมีบุ๊คส์,^c2565
300    ^a208 หน้า;^b19 ซม.
650    ^aโรคซึมเศร้า
650    ^aความซึมเศร้า
650    ^aภาวะซึมเศร้า
945    ^p245^l0^i010130
945    ^p245^l0^i010131
945    ^p245^l0^i010132
999    ^aประนอม เกษจรัล
รายการนี้ยังไม่มีแท็ก
คุณยังไม่ได้ล็อกอิน คุณสามารถมีกิจกรรมร่วมกับเว็บไซต์ได้ แต่ต้องล็อกอินก่อน ::
  ล็อกอิน

รายการสื่อสารสนเทศ

ลำดับที่ ประเภท เลขเรียก/บาร์โค้ด สถานที่ สถานะ
1. วิทยาศาสตร์การแพทย์ และสุขภาพ
หนังสือสำรอง
สถานะ=หนังสือสำรอง
WM171 ช296ซ ฉ.1 
  Barcode: 010130
ห้องสมุดวิทยาเขตสวรรค์ประชารักษ์
►หนังสือทั่วไป
บนชั้น
2. วิทยาศาสตร์การแพทย์ และสุขภาพ
วิทยาศาสตร์การแพทย์ และสุขภาพ
WM171 ช296ซ ฉ.2 
  Barcode: 010131
ห้องสมุดวิทยาเขตสวรรค์ประชารักษ์
►หนังสือทั่วไป
บนชั้น
3. วิทยาศาสตร์การแพทย์ และสุขภาพ
วิทยาศาสตร์การแพทย์ และสุขภาพ
WM171 ช296ซ ฉ.3 
  Barcode: 010132
ห้องสมุดวิทยาเขตสวรรค์ประชารักษ์
►หนังสือทั่วไป
บนชั้น

รายการใกล้เคียง
    ผู้แต่ง [ชไวเกอร์ อัลริช]

    หัวเรื่อง [โรคซึมเศร้า]
    หัวเรื่อง [ความซึมเศร้า]
    หัวเรื่อง [ภาวะซึมเศร้า]

BibComment


ยังไม่เคยถูกคอมเมนท์

คอมเมนท์ทรัพยากรรายการนี้
  คอมเมนท์: ซึมเศร้าใครว่าไม..


 Copyright 2026. Bcnsprnw @Library